000
00314nam a22001337a 4500
008
250703b |||||||| |||| 00| 0 eng d
020
_a
9780132059633
050
_a
HD31
_b
.H58
100
_a
HILL, Michael A.
245
_a
Management
260
_a
Canada
_b
Hill Michael
_c
2017
300
_a
xxxii, 632p.
942
_c
BK
999
_c
4068
_d
4068